Ignited Minds Unleashing Power with in India (Record no. 4483)

MARC details
000 -LEADER
fixed length control field 00313nam a2200121Ia 4500
008 - FIXED-LENGTH DATA ELEMENTS--GENERAL INFORMATION
fixed length control field 191201s2002 xx 000 0 und d
100 ## - MAIN ENTRY--PERSONAL NAME
Personal name KALAM,A P J Abdul
245 #0 - TITLE STATEMENT
Title Ignited Minds Unleashing Power with in India
260 ## - PUBLICATION, DISTRIBUTION, ETC. (IMPRINT)
Place of publication, distribution, etc N.Delhi
Name of publisher, distributor, etc Penguin Book
Date of publication, distribution, etc 2002
300 ## - PHYSICAL DESCRIPTION
Extent 205
650 ## - SUBJECT ADDED ENTRY--TOPICAL TERM
Topical term or geographic name as entry element BBA
942 ## - ADDED ENTRY ELEMENTS (KOHA)
Source of classification or shelving scheme Dewey Decimal Classification
Koha item type Text Books
942 ## - ADDED ENTRY ELEMENTS (KOHA)
-- 15
Holdings
Withdrawn status Lost status Source of classification or shelving scheme Damaged status Not for loan Collection code Home library Current library Shelving location Date acquired Source of acquisition Cost, normal purchase price Bill Number Total Checkouts Full call number Acc. no. / Barcode Date last seen Date last borrowed Bill Date Koha item type Public note
    Dewey Decimal Classification     GENERAL PIET C-LIBRARY PIET C-LIBRARY Ref. Sec. R02 26/04/2010 J B C, New Delhi 150.00 SI-4915 3 923.10954 KAI 15211 18/09/2025 10/09/2025 11/03/2010 Text Books Stories and Novels
    Dewey Decimal Classification     GENERAL PIET C-LIBRARY PIET C-LIBRARY Ref. Sec. R02 26/04/2010 J B C, New Delhi 150.00 SI-4915 7 923.10954 KAI 15212 28/10/2022 17/10/2022 11/03/2010 Text Books Motivational
    Dewey Decimal Classification     GENERAL PIET C-LIBRARY PIET C-LIBRARY Ref. Sec. R02 26/04/2010 J B C, New Delhi 150.00 SI-4915 2 923.10954 KAI 15213 14/05/2026 26/02/2026 11/03/2010 Text Books  
    Dewey Decimal Classification     GENERAL PIET C-LIBRARY PIET C-LIBRARY Ref. Sec. R02 26/04/2010 J B C, New Delhi 150.00 SI-4915 2 923.10954 KAI 15214 29/03/2023 27/03/2023 11/03/2010 Text Books Biography
    Dewey Decimal Classification     GENERAL PIET C-LIBRARY PIET C-LIBRARY Ref. Sec. R02 26/04/2010 J B C, New Delhi 150.00 SI-4915 4 923.10954 KAI 15215 17/04/2025 04/04/2025 11/03/2010 Text Books  
    Dewey Decimal Classification     GENERAL PIET C-LIBRARY PIET C-LIBRARY Ref. Sec. R02 26/04/2010 J B C, New Delhi 150.00 SI-4915 5 923.10954 KAI 15216 23/09/2025 04/07/2025 11/03/2010 Text Books  

Design & Developed by: PIET Central Library
R70 Miles Stone Pattikalyana Samalkha Panipat 132102
mail ID :- [email protected], Phone No:- 0180-2569700 Ex.216